000 00322nam a2200133Ia 4500
005 20260328104251.0
008 260328s9999||||xx |||||||||||||| ||und||
100 _aSarnitz, August
245 0 _aJosef Hoffmann /
_cAugust Sarnitz
260 _bTaschen
300 _a96 p.
650 _aARQUITECTOS AUSTRIACO
942 _cBK
999 _c10232
_d10232